00266nam a22000977a 4500008004100000100002000041245002300061260004600084300001000130650002800140200611b ||||| |||| 00| 0 eng d aSubramanian, V.10aRule of the road / aMumbai :bBhandarkar Publication ,c2010. a200p. 0aRule of the road at sea